|
|
|
|
| LEADER |
00000nam a2200000 i 4500 |
| 001 |
1/23408 |
| 008 |
960716s1986 gre d |
| 035 |
|
|
|a 1987
|c Αγορά
|l 10036837
|
| 040 |
|
|
|a GR-MY-UA
|b gre
|e aacr
|
| 041 |
0 |
|
|a gre
|
| 082 |
0 |
|
|a 372.35
|
| 100 |
1 |
|
|a Νικολάου, Ζαχαρίας Ν.
|
| 245 |
1 |
0 |
|a Φυσική πειραματική και χημεία :
|b ΣΤ' δημοτικού /
|c Ζαχαρίας Ν. Νικολάου
|
| 260 |
|
|
|a Αθήνα :
|b Ο.Ε.Δ.Β.,
|c 1986
|
| 300 |
|
|
|a 175 σ.
|
| 650 |
0 |
0 |
|a Physics
|x Study and teaching.
|
| 650 |
0 |
0 |
|a Physics
|x Experiments.
|
| 650 |
0 |
0 |
|a Chemistry
|x Study and teaching.
|
| 650 |
0 |
0 |
|a Science
|x Study and teaching (Elementary)
|
| 852 |
|
|
|a INST
|b RHODES
|e 19960716
|h 372.35 ΝΙΚ
|p 005400002651
|q 005400002651
|t BK
|y 0
|
| 909 |
|
|
|a Ρ
|b 004947
|c 1987
|